Countries of the World by 2nd and 3rd Letter in 90 seconds: with a map - Statistics

General Stats
  • This quiz has been taken 1,235 times
  • The average score is 101 of 196
Answers on the Map
Answers color-coded by a green-red scale on the quiz's map according to % correct below.
 
Answer Stats
Country % Correct
Brazil
95%
France
95%
Iran
95%
Iraq
95%
Bangladesh
94%
Canada
94%
Panama
94%
San Marino
94%
Tanzania
94%
Vanuatu
94%
Australia
93%
Austria
93%
Russia
93%
United Arab Emirates
93%
United Kingdom
93%
United States
93%
Chile
92%
China
92%
Philippines
92%
Jordan
87%
Morocco
87%
North Korea
87%
Norway
87%
Portugal
87%
Germany
86%
Peru
86%
Serbia
86%
Mexico
83%
Andorra
82%
India
82%
Indonesia
82%
Benin
81%
Central African Republic
81%
Denmark
81%
Kenya
81%
Senegal
81%
Venezuela
81%
Bolivia
80%
Colombia
80%
Moldova
80%
Poland
80%
Solomon Islands
80%
Honduras
78%
Monaco
78%
Mongolia
78%
Montenegro
78%
Tonga
78%
South Africa
76%
South Korea
76%
South Sudan
76%
Argentina
74%
Burkina Faso
72%
Burundi
72%
Suriname
72%
Turkey
72%
Turkmenistan
72%
Finland
71%
Singapore
71%
Mauritania
70%
Mauritius
70%
Nauru
70%
Saudi Arabia
70%
Spain
69%
Sweden
68%
Algeria
67%
Cape Verde
63%
Comoros
63%
Dominica
63%
Dominican Republic
63%
Japan
63%
Papua New Guinea
63%
Romania
63%
Somalia
63%
Cambodia
62%
Cameroon
62%
Chad
62%
Gambia
62%
Ghana
62%
Jamaica
62%
Kazakhstan
62%
Namibia
62%
Samoa
62%
Thailand
62%
Zambia
62%
Malawi
60%
Malaysia
60%
Maldives
60%
Mali
60%
Malta
60%
Palau
60%
Greece
59%
Grenada
59%
Ireland
59%
Liberia
58%
Libya
58%
Egypt
57%
Barbados
56%
Democratic Republic of the Congo
56%
Marshall Islands
56%
Paraguay
56%
Yemen
56%
Belarus
54%
Belgium
54%
Belize
54%
Sudan
50%
Iceland
49%
Brunei
47%
Hungary
47%
Italy
47%
Tunisia
47%
Ukraine
47%
Uruguay
47%
Ecuador
46%
Niger
45%
Nigeria
45%
Haiti
42%
Madagascar
42%
Pakistan
42%
Saint Kitts and Nevis
42%
Saint Lucia
42%
Saint Vincent and the Grenadines
42%
Taiwan
42%
Cuba
39%
Guatemala
36%
Latvia
36%
Liechtenstein
36%
Qatar
36%
Sierra Leone
36%
Vatican City
36%
Vietnam
36%
Afghanistan
35%
Angola
35%
Oman
35%
Bosnia and Herzegovina
34%
Costa Rica
34%
Kosovo
34%
Eritrea
33%
Ethiopia
33%
Nepal
33%
Nicaragua
33%
Republic of the Congo
33%
Sri Lanka
33%
Trinidad and Tobago
33%
Lithuania
31%
Estonia
30%
Guyana
30%
Bahamas
28%
Bahrain
28%
New Zealand
27%
Kyrgyzstan
26%
Netherlands
26%
Syria
26%
Switzerland
25%
Botswana
24%
Côte d'Ivoire
24%
Laos
24%
São Tomé and Príncipe
24%
El Salvador
22%
Myanmar
22%
Azerbaijan
21%
Czech Republic
21%
Uzbekistan
20%
Zimbabwe
20%
Kiribati
19%
Mozambique
19%
Gabon
17%
Lesotho
17%
East Timor
15%
Bhutan
14%
Bulgaria
14%
Croatia
14%
Federated States of Micronesia
14%
Guinea
14%
Guinea-Bissau
14%
Rwanda
14%
Swaziland
14%
Tajikistan
14%
Slovakia
13%
Slovenia
13%
Albania
10%
Armenia
10%
Togo
10%
Djibouti
9%
Luxembourg
8%
Macedonia
8%
Cyprus
7%
Equatorial Guinea
7%
Georgia
7%
Israel
7%
Antigua and Barbuda
6%
Fiji
6%
Uganda
6%
Lebanon
5%
Seychelles
5%
Kuwait
4%
Tuvalu
2%
No matching quizzes found
Score Distribution
Percent of People with Each Score
Percentile by Number Answered
Your Score History
You have not taken this quiz